| 000 | 00446nam a2200181Ia 4500 | ||
|---|---|---|---|
| 008 | 230524s9999 xx 000 0 und d | ||
| 020 | _a9780070656147 | ||
| 082 |
_a658.45 _bKHA |
||
| 100 | _aM.Y.Khan | ||
| 245 | 0 | _a"Financial Management : Text,Problems And Cases" | |
| 250 | _a2ND | ||
| 260 |
_aNEW DELHI _bTMH _c1998 |
||
| 300 | _aXVI;787 | ||
| 500 | _aQuantity Number: 37 | ||
| 650 | _aManagement | ||
| 700 | _a P.K.Jain | ||
| 942 | _cBK | ||
| 999 |
_c12756 _d12756 |
||